000 01035nam a22002055i 4500
001 170956
003 ES-MaACL
005 20250805063314.0
008 090420s1876 po |||| | por d
100 1 _aDelgado, Joaquim Filipe Nery,
_d1835-1908
_943410
245 1 0 _aSobre a existencia do terreno siluriano no baixo Alemtejo
_b: memoria apresentada á Academia Real das Sciencias de Lisboa /
_cpor J. F. N. Delgado.
260 _aLisboa :
_b[s.n.],
_c1876 (
_fTyp. da Academia Real das Sciencias)
300 _a35, 35 p., [1] h. pleg. de map., [2] h. de lám. ;
_c31 cm.
500 _aPrecede al tít.: Terrenos paleozoicos de Portugal.
546 _aLa 2ª secuencia de paginación corresponde al texto en francés, con port. propia.
650 4 _aPaleontología-
_zPortugal.
_9167307
710 2 _aAcademia das Ciências de Lisboa.
_91159
852 _aES-MaACL
_jB-8083(3)
_z.- Dedicatoria manuscrita del autor a Fedérico de Botella y de Hornos
_z.- Legado de Fedérico de Botella y Hornos
999 _c170956
_d170956